Stati per produzione di Gas naturale - Statistics

Statistiche generali
  • Questo quiz è stato fatto 10 volte
  • Il punteggio medio è 12 su 15
Statistiche sulle risposte
Produzione di gas naturale (mln. m³/anno) Continente Nazione % Corretto
117 300 Asia Arabia Saudita
100%
147 200 Oceania Australia
100%
209 200 Asia Cina
100%
701 700 Asia / Europa Russia
100%
934 200 America del Nord Stati Uniti
100%
100 300 Africa Algeria
86%
130 000 America del Sud Argentina
86%
152 258 America del Sud Brasile
86%
172 300 America del Nord Canada
86%
256 700 Asia Iran
86%
114 800 Europa Norvegia
71%
67 800 Africa Egitto
43%
74 200 Asia Malaysia
43%
177 000 Asia Qatar
43%
79 300 Asia Turkmenistan
43%
Nessun quiz corrispondente trovato
Distribuzione punteggi
Percentuale di utenti per punteggio
Percentile per numero di risposta
I tuoi punteggi nel tempo
Non hai fatto questo quiz